Guía para la elaboración de proyectos sociales/ (Registro nro. 9854)

Detalles MARC
000 -LEADER
fixed length control field 00872nam a2200217Ia 4500
005 - FECHA Y HORA DE LA ÚLTIMA TRANSACCIÓN
control field 20231021143507.0
008 - FIXED-LENGTH DATA ELEMENTS--GENERAL INFORMATION
fixed length control field 231020s9999 xx 000 0 und d
020 ## - INTERNATIONAL STANDARD BOOK NUMBER
International Standard Book Number 950-802-227-2
040 ## - CATALOGING SOURCE
Original cataloging agency UPAN
Transcribing agency Biblioteca San Vicente
Description conventions RCAA2
041 ## - LANGUAGE CODE
Language code of text/sound track or separate title spa
082 ## - DEWEY DECIMAL CLASSIFICATION NUMBER
Classification number 361.8
Item number U553g
año de publicación 2006
100 ## - MAIN ENTRY--PERSONAL NAME
Personal name Ulla, Luis
Relator code aut.
245 #0 - TITLE STATEMENT
Title Guía para la elaboración de proyectos sociales/
Statement of responsibility, etc Luis Ulla, Claudio Giomi
250 ## - EDITION STATEMENT
Edition statement 1° ed.
260 ## - PUBLICATION, DISTRIBUTION, ETC. (IMPRINT)
Place of publication, distribution, etc Buenos Aires:
Name of publisher, distributor, etc Espacio,
Date of publication, distribution, etc 2006
300 ## - PHYSICAL DESCRIPTION
Extent 89 p.;
Dimensions 27 cm.
505 ## - FORMATTED CONTENTS NOTE
Formatted contents note 1. Pensar en tèrminos de proyecto: puntos clave, 2. El origen de un proyecto: el problema y la idea de soluciòn, 3. La idea dentro del marco lògico, 4. Recursos y presupuesto, 5. Seguimiento y evaluaciòn, 6. Sostenibilidad y sustentabilidad
650 ## - SUBJECT ADDED ENTRY--TOPICAL TERM
Source of heading or term LEMB
Topical term or geographic name as entry element Proyectos sociales
Form subdivision Guia
700 ## - ADDED ENTRY--PERSONAL NAME
Personal name Giomi, Claudio
Relator code aut.
942 ## - ADDED ENTRY ELEMENTS (KOHA)
Koha item type Libros
Source of classification or shelving scheme Dewey Decimal Classification
Existencias
Withdrawn status Lost status Source of classification or shelving scheme Damaged status Not for loan Collection code Home library Current library Date acquired Total Checkouts Full call number Barcode Date last seen Copy number Price effective from Koha item type
    Dewey Decimal Classification     Referencia Biblioteca UPAN San Vicente Biblioteca UPAN San Vicente 20/10/2023   361.8 U553g 12003427 20/10/2023 01 20/10/2023 Referencia
    Dewey Decimal Classification     Referencia Biblioteca UPAN San Vicente Biblioteca UPAN San Vicente 21/10/2023   361.8 U553g 12003428 21/10/2023 02 21/10/2023 Referencia
    Dewey Decimal Classification     Referencia Biblioteca UPAN San Vicente Biblioteca UPAN San Vicente 21/10/2023   361.8 U553g 12003429 21/10/2023 03 21/10/2023 Referencia